• 首页
  • 本馆介绍
  • 公告通知
  • 最新文献
  • 馆藏检索
  • 电子资源
  • 读者导购
  • 参考咨询
  • 我的图书馆
  • 登录
  • 详细信息显示
  • 放入我的书架
  • 预约/预借图书
  • 作者相关作品
  • 分类相关作品
  • 丛书相关作品
  • 出版社相关作品

书目信息

  • 表格格式
  • 工作单格式
  • 卡片格式
题名:
古今伪书考补证
    
 
作者: 黄雲眉 编著
分册:  
出版信息: 南京   金陵大学中国文化研究所  1938.08
页数: 322,12页
开本: 27*15cm
丛书名: 金陵大学中国文化研究所丛刊
单 册:
中图分类: G256.2
科图分类:
主题词: 图书馆学 , 图书馆事业
电子资源:
ISBN:
000 00785nam0 2200265 450
001 0639593313
005 20061019111455.95
010    @b线装@dCNY3.00(函)
100    @a20061019d1938 km y0chiy0120 ea
101 0  @achi
102    @aCN@b320000
200 1  @a古今伪书考补证@Agu jin wei shu kao bu zheng@f黄雲眉编著@Fhuang yun mei bian zhu
210    @a南京@c金陵大学中国文化研究所@d1938.08
215    @a322,12页@c表格@d27*15cm
225 2  @a金陵大学中国文化研究所丛刊@i甲种
300    @a一册一函
300    @a书后附原著补正异同对照表
410  0 @12001 @a金陵大学中国文化研究所丛刊
410  0 @12001 @a甲种
606 0  @a图书馆学
606 0  @a图书馆事业
690    @aG256.2@v3
701  0 @a黄雲眉@Ahuang yun mei@4编著
801  0 @aCN@bPFT@c20061019
905    @a10447@dG256.2@e1
    
    古今伪书考补证/黄雲眉编著.-南京:金陵大学中国文化研究所,1938.08
    322,12页:表格;27*15cm.-(金陵大学中国文化研究所丛刊.甲种)
    一册一函.-书后附原著补正异同对照表
    
    ISBN (线装):CNY3.00(函)
    
●
相关链接 在E读中查询图书 在五车中查询图书 在当当中查询图书 在豆瓣中查询图书


正题名:古今伪书考补证     索取号:G256.2/1         预约/预借

序号 登录号 条形码 馆藏地/架位号 状态 备注
1 0015764   202367900   古籍典藏专区/ [索取号:G256.2/1] 在馆    
2 0265352   202406592   古籍典藏专区/ [索取号:G256.2/1] 在馆    
唐山师范学院图书馆 欢迎您!
大连网信软件有限公司© 版权所有